ბათუმის შოთა რუსთაველის სახელმწიფო უნივერსიტეტის ბიბლიოთეკა

პროკურორი გამოძიების სტადიაზე / (ბიბ.ჩანაწერი № 38492)

000 -ლიდერი
ფიქსირებული სიგრძის საკონტროლო ველი 01139nam a2200241Ia 4500
001 - საკონტროლო ნომერი
საკონტროლო ველი 4505
003 - საკონტროლო ნომრის იდენტიფიკატორი
საკონტროლო ველი GE_BSU
005 - ბოლო ოპერაციის თარიღი და დრო
საკონტროლო ველი 20191016154233.0
008 - ფიქსირებული სიგრძის მონაცემთა ელემენტები - ზოგადი ინფორმაცია
ფიქსირებული სიგრძის საკონტროლო ველი 181216s2012||||ge |||||||||||||| ||geo||
020 ## - წიგნის საერთაშორისო სტანდარტული ნომერი
International Standard Book Number 9789941177842
040 ## - კატალოგიზაციის წყარო
Transcribing agency GE_BSU
041 ## - ენის კოდი
Language code of text/sound track or separate title geo
080 ## - უნივერსალური ათობითი კლასიფიკაციის ინდექსი
Universal Decimal Classification number 343.163+343.132 ა–14
100 ## - მთავარი ჩანაწერი - პიროვნების სახელი
Personal name აბაშიძე, გივი.
9 (RLIN) 1912
245 ## - ცნობა სათაურის შესახებ
Title პროკურორი გამოძიების სტადიაზე /
Statement of responsibility, etc ირაკლი აბაშიძე ; რედ. ჯემალ გახოკიძე.
264 ## - წარმოების, გამოცემის, დისტრიბუციის და სხვა ცნობები
გამოცემის, წარმოების, დისტრიბუციის... ადგილი თბილისი :
გამოცემის, წარმოების, დისტრიბუციის... სახელწოდება უნივერსალი,
გამოცემის, წარმოების, დისტრიბუციის... თარიღი 2012.
300 ## - ფიზიკური აღწერა
Extent 266 გვ. ;
Other physical details 20 სმ.
490 ## - სერიის ცნობა
Series statement საგანმანათლებლო სერია სამართალმცოდნეობის სპეციალობის სტუდენტის ბიბლიოთეკა ;
Volume number/sequential designation N 2
653 ## - INDEX TERM--UNCONTROLLED
Uncontrolled term წინასწარი გამოძიება;
653 ## - INDEX TERM--UNCONTROLLED
Uncontrolled term პროკურორი;
700 ## - ADDED ENTRY--PERSONAL NAME
Personal name გახოკიძე, ჯემალ
Relator term რედაქტორი
9 (RLIN) 4752
942 ## - ADDED ENTRY ELEMENTS (KOHA)
Koha item type წიგნი
Source of classification or shelving scheme
ეგზემპლარები
ჩამოწერის სტატუსი დაკარგული ეგზემპლარის სტატუსი კლასიფიკაციის წყარო ან თაროზე გაწყობის სქემა დაზიანების სტატუსი არ გაიცემა მუდმივი მდებარეობა (დაცვის ადგილი) ამჟამინდელი ადგილსამყოფელი თაროზე განთავსების ადგილი შეძენის თარიღი სრული შენახვის შიფრი შტრიხკოდი ბოლო ოპერაციის თარიღი ეგზემპლარის მიმდევრობითი ნომერი (კეტერი?) ფასის ძალაში შესვლის თარიღი ეგზემპლარის სახეობა საჯარო შენიშვნა
          ბათუმის შოთა რუსთაველის სახელმწიფო უნივერსიტეტის მთავარი ბიბლიოთეკა ბათუმის შოთა რუსთაველის სახელმწიფო უნივერსიტეტის მთავარი ბიბლიოთეკა წიგნსაცავი 2018-12-17 343.163+343.132 ა–14 6060 2018-12-17 6060 2018-12-17 წიგნი დარბაზი